| Tag |
First Indicator |
Second Indicator |
Subfields |
| LEADER |
00000cam a2200000 a 4500 |
| 001 |
in00000083439 |
| 005 |
20151008061257.0 |
| 008 |
810511s1978 oncaf 00010 eng |
| 010 |
|
|
|a 81465582
|
| 015 |
|
|
|a C***
|
| 020 |
|
|
|a 0802023037
|
| 035 |
|
|
|a (OCoLC)07554556
|
| 035 |
|
|
|9 AAJ7713AM
|
| 039 |
0 |
|
|a 2
|b 3
|c 3
|d 3
|e 3
|
| 040 |
|
|
|a DLC
|c DLC
|d TXA
|d UtOrBLW
|
| 043 |
|
|
|a n-cn---
|
| 049 |
|
|
|a TXAM
|c [1482038]
|
| 050 |
0 |
0 |
|a GV1786.N25
|b B44
|
| 082 |
0 |
|
|a 792.8/0971
|2 19
|
| 100 |
1 |
|
|a Bell, Ken.
|
| 245 |
1 |
4 |
|a The National Ballet of Canada :
|b a celebration /
|c with photographs by Ken Bell ; and a memoir by Celia Franca.
|
| 264 |
|
1 |
|a Toronto ;
|a Buffalo :
|b University of Toronto Press,
|c [1978]
|
| 264 |
|
4 |
|c ©1978
|
| 300 |
|
|
|a 284 pages, 10 unnumbered pages of plates :
|b illustrations (some color) ;
|c 26 cm.
|
| 336 |
|
|
|a text
|b txt
|2 rdacontent
|
| 337 |
|
|
|a unmediated
|b n
|2 rdamedia
|
| 338 |
|
|
|a volume
|b nc
|2 rdacarrier
|
| 610 |
2 |
0 |
|a National Ballet of Canada.
|
| 700 |
1 |
|
|a Franca, Celia,
|d 1921-2007.
|
| 999 |
|
|
|a MARS
|
| 999 |
f |
f |
|s cd172020-397a-368e-960f-035b38f29c96
|i b2c7ce9c-8ca9-37ed-a2fa-38284d60b91a
|t 0
|
| 952 |
f |
f |
|p ric
|a Texas A&M University
|b Rellis Campus
|c Joint Library Facility
|d Remote Storage
|t 0
|e GV1786.N25 B44
|h Library of Congress classification
|i unmediated -- volume
|m A14806117632
|
| 998 |
f |
f |
|a GV1786.N25 B44
|t 0
|l Remote Storage
|